مكتبة جامعة عجلون الوطنية

فهرس بحث المكتبة

Normal view MARC view
  • Word for Word -Make the right choice-Get the right meaning

Entry Topical Term

Number of records used in: 1

001 - CONTROL NUMBER

  • control field: 2045

003 - CONTROL NUMBER IDENTIFIER

  • control field: JO-AjAnu

005 - DATE AND TIME OF LATEST TRANSACTION

  • control field: 20230606070635.0

008 - FIXED-LENGTH DATA ELEMENTS

  • fixed length control field: 230606|| aca||aabn | a|a d

040 ## - CATALOGING SOURCE

  • Original cataloging agency: JO-AjAnu
  • Transcribing agency: JO-AjAnu

150 ## - HEADING--TOPICAL TERM

  • Topical term or geographic name entry element: Word for Word -Make the right choice-Get the right meaning

670 ## - SOURCE DATA FOUND

  • Source citation: Work cat.: (JO-AjAnu)1074: تأليف Clark ,Stewart;م.مشاركGraham,Pointon, author 2044, Word for Word :Make the right choice,Get the right meaning